书目信息 |
| 题名: |
化工热力学
|
|
| 作者: | 蔡振云 , 胡望明 , 陈新志 编著 | |
| 分册: | ||
| 出版信息: | 北京 化学工业出版社 2005.11 |
|
| 页数: | 263页 | |
| 开本: | 26cm | |
| 丛书名: | ||
| 单 册: | ||
| 中图分类: | TQ013.1 | |
| 科图分类: | ||
| 主题词: | 化工热力学--hua gong re li xue--高等学校--教材 | |
| 电子资源: | ||
| ISBN: | 7-5025-7391-7 | |
| 000 | 00967nam0 2200277 450 | |
| 001 | 012006833687 | |
| 005 | 20061010151852.65 | |
| 010 | @a7-5025-7391-7@dCNY29.00 | |
| 100 | @a20060626d2005 km y0chiy0120 ea | |
| 101 | 0 | @achi |
| 102 | @aCN@b110000 | |
| 105 | @aa a 000yy | |
| 200 | 1 | @a化工热力学@Ahua gong re li xue@f陈新志, 蔡振云, 胡望明编著@Fchen xin zhi,cai zhen yun,hu wang ming bian zhu |
| 205 | @a第2版 | |
| 210 | @a北京@c化学工业出版社@d2005.11 | |
| 215 | @a263页@c图@d26cm | |
| 320 | @a有书目。 | |
| 330 | @a本书主要内容有均相封闭系统热力学原理及应用、非均相封闭系统热力学原理及应用、流动系统的热力学原理及应用、热力学在其他领域的应用等。 | |
| 333 | @a面向21世纪课程教材 | |
| 606 | 0 | @a化工热力学@Ahua gong re li xue@x高等学校@j教材 |
| 690 | @aTQ013.1@v4 | |
| 701 | 0 | @a蔡振云@Acai zhen yun@4编著 |
| 701 | 0 | @a胡望明@Ahu wang ming@4编著 |
| 701 | 0 | @a陈新志@Achen xin zhi@4编著 |
| 801 | 0 | @aCN@c20061010 |
| 905 | @a10447@dTQ013.1@eC599 | |
| 化工热力学/陈新志, 蔡振云, 胡望明编著.-第2版.-北京:化学工业出版社,2005.11 |
| 263页:图;26cm |
| 使用对象:面向21世纪课程教材 |
| ISBN 7-5025-7391-7:CNY29.00 |
| 本书主要内容有均相封闭系统热力学原理及应用、非均相封闭系统热力学原理及应用、流动系统的热力学原理及应用、热力学在其他领域的应用等。 |
| ● |
| 相关链接 |
|
|
|
正题名:化工热力学
索取号:TQ013.1/C599
 
预约/预借
| 序号 | 登录号 | 条形码 | 馆藏地/架位号 | 状态 | 备注 |
| 1 | 592003 | 205920039 | 期刊室512/501自科库 137排1列6层/ [索取号:TQ013.1/C599] | 在馆 | |
| 2 | 592004 | 205920048 | 期刊室512/501自科库 137排1列6层/ [索取号:TQ013.1/C599] | 在馆 | |
| 3 | 592005 | 205920057 | 期刊室512/501自科库 137排1列6层/ [索取号:TQ013.1/C599] | 在馆 | |
| 4 | 608769 | 206087697 | 自科库501/501自科库 137排2列3层/ [索取号:TQ013.1/C599] | 在馆 | |
| 5 | 608770 | 206087704 | 材料与化工学院资料室/ [索取号:TQ013.1/C599] | 在馆 | |
| 6 | 608771 | 206087713 | 自科库501/501自科库 137排1列6层/ [索取号:TQ013.1/C599] | 在馆 |